000 00429nam a2200181Ia 4500
005 20250603144653.0
008 250603s9999 xx 000 0 und d
020 _a0072537248
050 _aQC 21.3.G53/
100 _aGiambattista, Alan
245 0 _aCollege physics volume one
260 _aNew York
260 _bMcGraw-Hill Higher Education
260 _c2004
300 _a583 p
650 _aNew York
942 _cBK
999 _c39603
_d39603